000 00652nam a2200241Ia 4500
005 20260429111858.0
008 260429s9999||||xx |||||||||||||| ||und||
020 _a9781845934682
041 _aEnglish
082 _a338.479
_bPRI
100 _aPrideaux, Bruce
245 0 _aRiver tourism /
_cBruce Prideaux
260 _aOxfordshire :
_bCAB International,
_c2009.
300 _ax, 269 p.; hb
650 _a Ecotourism
650 _a Inland water tourism
650 _a Sustainable tourism
650 _a Tourism management
650 _a Water-based recreation
650 _aRiver tourism
700 _a Cooper , Malcolm
942 _cTB
999 _c51247
_d51247